000 00930cam a22002774a 4500
001 13432784
005 20201128020917.0
008 031212t2010 xxua fr 001 0 eng d
010 _a2003069029
020 _a0135101298
020 _a9780135101292
082 0 4 _a658.23
_222
_bSTE
100 1 _aStephens, Matthew P.
_927408
245 1 0 _aManufacturing facilities design and material handling /
_cMatthew P. Stephens, Fred E. Meyers.
250 _a4th ed.,
_binternational ed.
260 _aBoston, United States :
_bPearson Prentice Hall,
_cc.2010.
300 _axxi, 486 p. :
_bill. ;
_c24 cm.
500 _aIndex : p. 477-486.
650 0 _aPlant layout
_927405
650 0 _aMaterials handling
_927406
650 0 _a Production engineering
_9357
653 _bMec
_cOctober2011
_cOctober2012
_cJanuary2013
_cJanuary2014
655 _vtext book
_933728
700 1 _aMeyers, Fred E.
_927404
942 _2ddc
_cBB
_k658.23 STE
999 _c16104
_d16104